Langues les plus parlées au Royaume-Uni - Statistiques

Statistiques générales
  • Ce quiz a été pris 165 fois
    153 depuis la dernière actualisation
  • Le résultat moyen est 7 sur 10
Statistiques - réponses
% Langue % Correct
94,5 Anglais
99%
15,8 Français
98%
4,7 Espagnol
95%
5,1 Allemand
89%
1,8 Italien
82%
1,4 Arabe
81%
1,5 Russe
72%
1,5 Hindi
52%
1,8 Polonais
50%
2,3 Ourdou
21%
Aucun quiz correspondant
Distribution des résultats
% des personnes avec chaque résultat
Percentile par nombre de réponses
Votre historique - résultats
Vous n’avez pas pris ce quiz depuis la dernière actualisation